000 00647nam a2200205Ia 4500
003 GCL
008 140319s9999 xx 000 0 ara d
040 _aGCL /
_cGCL
082 0 4 _a843.03
_bد م
100 1 _aدوهاميل، جورج
245 1 0 _aموثق عقود الهافر /
_cدوهاميل، جورج
700 1 _aحمدى السيد ابراهيم
700 1 _aعبدالعزيز برهام
300 _a313 ص
490 _aالهيئة العامة للاستعلامات
_v0
650 0 4 _aالادب الفرنسى
650 0 4 _aالقصص الفرنسية
650 0 4 _aالروايا الفرنسية
942 _2ddc
_cBK
999 _c50899
_d50899